000 00846nam a22001935i 4500
001 154880
003 ES-MaACL
005 20230906205904.0
008 040716s1894 sp |||| | spa d
040 _aCAM
_bspa
_cCAM
245 0 0 _aGuía de cédulas personales
_b: contiene este ópusculo, el art.20 de la ley de presupuestos del estado de 30 de junio de 1892 ... /
_canotado todo convenientemente por Eusebio Freixa; con la colaboración de Luis Falcato.
250 _a5ª ed.
260 _aMadrid :
_bAdministración (Mesón de Paredes, 13),
_c1894 (
_fCarrión hermanos impresores)
300 _a70 p. ;
_c21 cm.
650 4 _aImpuestos-
_zEspaña-
_yS. XIX.
_9173725
700 1 1 _aFreixa, Eusebio,
_eanot.
_9127146
700 1 1 _aFalcato, Luis,
_eanot.
_9127008
852 _aES-MaACL
_jFol-Laf-451
_z-- Rust.
_z-- Legado de M. de la Fuente
999 _c154880
_d154880